<?xml version="1.0" encoding="UTF-8"?>
<collection xmlns:xsi="http://www.w3.org/2001/XMLSchema-instance" xsi:schemaLocation="http://www.loc.gov/MARC21/slim http://www.loc.gov/standards/marcxml/schema/MARC21slim.xsd" xmlns="http://www.loc.gov/MARC21/slim">
 <record>
  <leader>00000cam a2200000 i 4500</leader>
  <controlfield tag="001">UP-99796217613218482</controlfield>
  <controlfield tag="003">Buklod</controlfield>
  <controlfield tag="005">20230529142128.0</controlfield>
  <controlfield tag="006">t    grm    00| u|</controlfield>
  <controlfield tag="007">ta</controlfield>
  <controlfield tag="008">230529s2018    xx     d     |||| ||    |</controlfield>
  <datafield tag="020" ind1=" " ind2=" ">
   <subfield code="a">9781138903043 (hbk)</subfield>
  </datafield>
  <datafield tag="035" ind1=" " ind2=" ">
   <subfield code="a">(iLib)UPD-00443966659</subfield>
  </datafield>
  <datafield tag="040" ind1="0" ind2=" ">
   <subfield code="a">DLC</subfield>
   <subfield code="d">DEDUC</subfield>
   <subfield code="e">rda</subfield>
  </datafield>
  <datafield tag="041" ind1="0" ind2=" ">
   <subfield code="a">eng</subfield>
  </datafield>
  <datafield tag="042" ind1=" " ind2=" ">
   <subfield code="a">DMLUC</subfield>
  </datafield>
  <datafield tag="090" ind1="0" ind2="0">
   <subfield code="a">Q 183 A1</subfield>
   <subfield code="b">T43 2018</subfield>
  </datafield>
  <datafield tag="245" ind1="0" ind2="0">
   <subfield code="a">Teaching gifted learners in STEM subjects</subfield>
   <subfield code="b">developing talent in science, technology, engineering and mathematics</subfield>
   <subfield code="c">edited by Keith S. Taber, Manabu Sumida and Lynne McClure.</subfield>
  </datafield>
  <datafield tag="264" ind1=" " ind2="1">
   <subfield code="a">London</subfield>
   <subfield code="b">Routledge</subfield>
   <subfield code="c">2018.</subfield>
  </datafield>
  <datafield tag="300" ind1=" " ind2=" ">
   <subfield code="a">xxi, 249 pages</subfield>
   <subfield code="b">illustrations</subfield>
   <subfield code="c">25 cm</subfield>
  </datafield>
  <datafield tag="336" ind1=" " ind2=" ">
   <subfield code="a">text</subfield>
   <subfield code="2">rdacontent</subfield>
  </datafield>
  <datafield tag="337" ind1=" " ind2=" ">
   <subfield code="a">unmediated</subfield>
   <subfield code="2">rdamedia</subfield>
  </datafield>
  <datafield tag="338" ind1=" " ind2=" ">
   <subfield code="a">volume</subfield>
   <subfield code="2">rdacarrier</subfield>
  </datafield>
  <datafield tag="490" ind1="0" ind2=" ">
   <subfield code="a">Routledge research in achievement and gifted education</subfield>
  </datafield>
  <datafield tag="504" ind1=" " ind2=" ">
   <subfield code="a">Includes bibliographical references and index.</subfield>
  </datafield>
  <datafield tag="505" ind1="0" ind2="0">
   <subfield code="a">Knowledge sans frontieres? : conceptualising STEM in the curriculum to facilitate creativity and knowledge integration / Keith S Taber -- Developing STEM talent in the early school years : STEM starters and its next generation scale up / Ann Robinson -- Teacher beliefs regarding gifted and highly able learners in STEM schools in the US / Colby Tofel-Grehl, Carolyn M. Callahan, Scott Hunsaker -- Parent or guardian characteristics and talented students' persistence in STEM / John T. Almarode, Rena F. Subotnik, Katherine P. Dabney, Edward Crowe, Robert H. Tai, Christopher Kolar -- Talent development of STEM experts / Katsuro Kitamura -- What factors contribute to the development of gifted female scientists? : insights from two case studies / Kirsi Tirri, Elina Kuusisto -- An extra-curricular gifted support program in Hungary for exceptional students in mathematics / Janos Gordon Gyo?ri, Peter Juhasz -- &quot;It's great to be able to talk and discuss with other talented mathematicians&quot; : ASKNRICH, an internet opportunity for connecting like-minded gifted learners / Libby Jared -- Learning science through profiles : are there any benefits for gifted students in elementary school? / Mojca Jurisevic, Iztok Devetak -- Talented students and motivated teachers : an interactive and synergistic tandem to design innovative hands-on learning practices in biosciences / David S Horner, Giovanna Viale, Cinzia Grazioli, Livia Pirovano, David Micklos, Paolo Plevani -- Challenging gifted students in science : the German science olympiads / Stefan Petersen, Janet Blankenburg, Tim Hoffler -- Incorporating nanotechnology into K-12 education, with a special focus on gifted students / Hsiao-Ping Yu, Chen-Ming Chen, Enyi Jen -- Nurturing virtuous minds in gifted engineering learners / Rosanna Yuen-Yan Chan, Cecilia Ka Yuk Chan -- Design-based challenges as a means of encouraging creativity / Stephanie Hathcock, Daniel Dickerson -- Enhancing gifted early elementary students' learning experiences through engineering design / Lauren Madden, Jill Turner -- STEAM (science, technology, engineering, agriculture, and mathematics) education for gifted young children : a glocal approach to science education for the gifted / Manabu Sumida.</subfield>
  </datafield>
  <datafield tag="650" ind1=" " ind2="0">
   <subfield code="a">Science</subfield>
   <subfield code="x">Study and teaching.</subfield>
  </datafield>
  <datafield tag="650" ind1=" " ind2="0">
   <subfield code="a">Technology</subfield>
   <subfield code="x">Study and teaching.</subfield>
  </datafield>
  <datafield tag="650" ind1=" " ind2="0">
   <subfield code="a">Engineering</subfield>
   <subfield code="x">Study and teaching.</subfield>
  </datafield>
  <datafield tag="650" ind1=" " ind2="0">
   <subfield code="a">Mathematics</subfield>
   <subfield code="x">Study and teaching.</subfield>
  </datafield>
  <datafield tag="650" ind1=" " ind2="0">
   <subfield code="a">Gifted children</subfield>
   <subfield code="x">Education</subfield>
   <subfield code="z">Curricula.</subfield>
  </datafield>
  <datafield tag="650" ind1=" " ind2="0">
   <subfield code="a">Curriculum planning.</subfield>
  </datafield>
  <datafield tag="700" ind1="1" ind2=" ">
   <subfield code="a">Taber, Keith</subfield>
   <subfield code="e">editor.</subfield>
  </datafield>
  <datafield tag="700" ind1="1" ind2=" ">
   <subfield code="a">Sumida, Manabu</subfield>
   <subfield code="e">editor.</subfield>
  </datafield>
  <datafield tag="700" ind1="1" ind2=" ">
   <subfield code="a">McClure, Lynne</subfield>
   <subfield code="d">1952-</subfield>
   <subfield code="e">editor.</subfield>
  </datafield>
  <datafield tag="842" ind1=" " ind2=" ">
   <subfield code="a">Book</subfield>
  </datafield>
  <datafield tag="905" ind1=" " ind2=" ">
   <subfield code="a">FO</subfield>
  </datafield>
  <datafield tag="852" ind1="0" ind2=" ">
   <subfield code="a">UPD</subfield>
   <subfield code="b">DEDUC</subfield>
   <subfield code="h">Q 183 A1</subfield>
   <subfield code="i">T43 2018</subfield>
  </datafield>
  <datafield tag="942" ind1=" " ind2=" ">
   <subfield code="a">Book</subfield>
  </datafield>
 </record>
</collection>
